MARC

LEADER 00000nab a2200000 a 4500
001 vtls000025569
003 SK-MaSNL
005 20260305015754.0
008 150430c1978 xo 0 slo
015 |a SNBRB19rr/mm-uuuuu 
035 |a CL0035663 
040 |a SNKBUCL  |b slo  |c SNKBUCL  |e AACR2 
041 0 |a slo 
044 |a xo  |c SK 
080 |a 82:08:885.4  |2 1981 
080 |a 08  |2 1981 
080 |a 885.4  |2 1981 
080 |a 82  |2 1981 
080 |a 028  |2 1981 
080 |a 882  |2 1981 
100 1 |a /bn/  |4 aut  |9 1002833 
245 1 0 |a Stretnutie so spisovateľmi  |c /bn/ 
610 2 7 |a Slovenský spisovateľ (vydavateľstvo)  |2 snkbucl  |9 154446 
650 0 7 |a vydavateľstvá slovenské  |2 snkbucl  |9 922208 
650 0 7 |a Nová sovietska tvorba (edícia)  |2 snkbucl  |9 1269042 
650 0 7 |a sovietska literatúra  |2 snkbucl  |9 22300 
655 7 |a články z novín a časopisov  |2 snkbucl  |9 267496 
655 7 |a články z odboru literárna veda a krásna literatúra  |2 snkbucl  |9 770045 
773 0 |t Práca  |g Roč. 34, č. 63 (15. 3. 1978), s. 6 
850 |a Slovenská národná knižnica v Martine  |a MTA001 
852 |a SNK  |b KIS3GCP 
958 |a RK 
958 |a LX 
958 |a SK 
992 |a RBX 
999 |c 3276983  |d 3278913